000 00586nam a2200193Ii 4500
001 7484
003 CO-ViMGA
008 241108s9999||||xx |||||||||||||| ||und||
040 _aCO-ViMGA
_bspa
_erda
_cCO-ViMGA
041 0 _aunk
082 0 4 _a986.104-E427
245 1 0 _aLos ejércitos del rey
264 1 _a[Lugar de publicación no identificado] : Fundación Francisco de Paula Santander, 1989
300 _avolumen
336 _atext
_btxt
_2rdacontent
337 _aunmediated
_bn
_2rdamedia
338 _avolume
_bnc
_2rdacarrier
940 _aidficha_siabuc: 7311. -- ficha_no_siabuc:7484
999 _c56393
_d56393